| 000 | 00000nam##2200000za#4500 |
| 001 | 9.568236 |
| 003 | CaOODSP |
| 005 | 20240215150447 |
| 007 | cr ||||||||||| |
| 008 | 150406|1996||||xxc|||||o f|0| 0 eng|d |
| 040 | |aCaOODSP|beng |
| 043 | |an-cn--- |
| 086 | 1 |aPS83-3/44E-PDF |
| 110 | 2 |aCorrectional Service Canada. |
| 245 | 10|aAttitudes of federal correctional officers toward offenders / |h[electronic resource]|cby Michel Larivière and David Robinson. |
| 246 | 1 |iVariant title : |aAttitudes of CSC correctional officers towards offenders |
| 260 | |bCorrectional Service Canada |c1996. |
| 300 | |a39p.|bgraphs, references, tables |
| 490 | 1 |aResearch report|vR-44 |
| 590 | |a10-12-Supp|b2010-11-18 |
| 720 | 1 |aRobinson, David |
| 720 | 1 |aLarivière, Michel |
| 775 | 08|tAttitudes des agents de correction fédéraux à l'égard des délinquants / |w(CaOODSP)9.599525 |
| 830 | #0|aResearch report (Correctional Service Canada. Research Branch)|vR-44|w(CaOODSP)9.506063 |
| 856 | 40|ahttp://publications.gc.ca|qPDF|s146 KB|uhttps://publications.gc.ca/collections/collection_2010/scc-csc/PS83-3-44-eng.pdf|yR-44 |